U.S. States Without Vowels - Map Quiz - Statistics

General Stats
  • This quiz has been taken 39 times
  • The average score is 33 of 50
Answers on the Map
Answers color-coded by a green-red scale on the quiz's map according to % correct below.
 
Answer Stats
Answer % Correct
C_L_F_RN__
79%
L___S__N_
79%
W_SH_NGT_N
79%
M__N_
76%
P_NNSYLV_N__
76%
T_X_S
76%
FL_R_D_
72%
_H__
72%
M_NT_N_
72%
M_RYL_ND
72%
M_SS_SS_PP_
72%
N_BR_SK_
72%
N_V_D_
72%
N_W Y_RK
72%
_RK_NS_S
72%
S__TH D_K_T_
72%
_T_H
72%
G__RG__
69%
M_SS_CH_S_TTS
69%
N_RTH D_K_T_
69%
N_W M_X_C_
69%
_R_G_N
69%
C_L_R_D_
66%
C_NN_CT_C_T
66%
H_W___
66%
_KL_H_M_
66%
_L_B_M_
66%
_LL_N__S
66%
N_RTH C_R_L_N_
66%
RH_D_ _SL_ND
66%
S__TH C_R_L_N_
66%
T_NN_SS__
66%
D_L_W_R_
62%
V_RG_N__
62%
V_RM_NT
62%
W_ST V_RG_N__
62%
_D_H_
59%
K_NS_S
59%
K_NT_CKY
59%
M_CH_G_N
59%
N_W H_MPSH_R_
59%
N_W J_RS_Y
59%
_R_Z_N_
59%
__W_
59%
_L_SK_
55%
M_NN_S_T_
55%
M_SS__R_
55%
_ND__N_
55%
W_SC_NS_N
55%
WY_M_NG
52%
No matching quizzes found
Score Distribution
Percent of People with Each Score
Percentile by Number Answered
Your Score History
You have not taken this quiz